[Event "Aragon-ch Seniors 65+"]
[Site "Zaragoza"]
[Date "2018.06.02"]
[Round "7"]
[White "Marin Fuertes, Angel Maria"]
[Black "Gonzalez Felez, Jose Julian"]
[Result "0-1"]
[WhiteElo "1692"]
[BlackElo "2036"]
[PlyCount "106"]
[EventDate "2018.04.21"]
[EventType "swiss"]
[EventRounds "8"]
[EventCountry "ESP"]
[SourceTitle "EXT 2020"]
[Source "ChessBase"]
[SourceDate "2019.10.17"]
[SourceVersion "1"]
[SourceVersionDate "2019.10.17"]
[SourceQuality "1"]

1. e4 g6 2. d4 Bg7 3. Nc3 d6 4. Be3 a6 5. Qd2 b5 6. Nf3 Nd7 7. Bd3 c5 8. 0-0 Bb7 9. Rad1 Rc8 10. Rfe1 c4 11. Bf1 Ngf6 12. Bh6 0-0 13. Bxg7 Kxg7 14. a3 h6 15. e5 Nd5 16. exd6 exd6 17. Nxd5 Bxd5 18. Be2 Nf6 19. c3 Re8 20. Bf1 Bxf3 21. gxf3 Qd7 22. Rxe8 Rxe8 23. Re1 Rxe1 24. Qxe1 Qf5 25. Qe2 Qg5+ 26. Bg2 Nd5 27. Kh1 Nf4 28. Qf1 Qf5 29. Qd1 Qd3 30. Qc1 g5 31. h4 Qe2 32. hxg5 hxg5 33. Kg1 Kf6 34. Qe3 Kg6 35. Qxe2 Nxe2+ 36. Kf1 Nf4 37. Bh1 Kf5 38. Ke1 Nd3+ 39. Kd2 Kf4 40. Bg2 Nxb2 41. Ke2 Na4 42. Kd2 f5 43. Bh1 Nb6 44. Bg2 Nd5 45. Bh1 a5 46. Bg2 Ne7 47. Kc2 d5 48. Kd2 Nc6 49. Bh1 b4 50. axb4 axb4 51. Bg2 b3 52. Kc1 Ne7 53. Kd2 Ng6 0-1

[Event "Aragon-ch Seniors 65+"]
[Site "Zaragoza"]
[Date "2018.05.06"]
[Round "3"]
[White "Lasierra Arceiz, Javier"]
[Black "Marin Fuertes, Angel Maria"]
[Result "0-1"]
[WhiteElo "1442"]
[BlackElo "1692"]
[PlyCount "54"]
[EventDate "2018.04.21"]
[EventType "swiss"]
[EventRounds "8"]
[EventCountry "ESP"]
[SourceTitle "EXT 2020"]
[Source "ChessBase"]
[SourceDate "2019.10.17"]
[SourceVersion "1"]
[SourceVersionDate "2019.10.17"]
[SourceQuality "1"]

1. e4 d5 2. e5 c5 3. c3 Nc6 4. Bb5 e6 5. Ne2 Bd7 6. Bxc6 Bxc6 7. 0-0 Ne7 8. d4 Ng6 9. Ng3 Be7 10. f4 0-0 11. f5 exf5 12. Nxf5 c4 13. h3 Bg5 14. Nd2 Nh4 15. Qg4 Bd7 16. Nxc4 Nxf5 17. Rxf5 Bxc1 18. Rxc1 dxc4 19. Qf4 Bxf5 20. Qxf5 Qd5 21. Rf1 Rae8 22. h4 Qe6 23. Qe4 b5 24. g4 f6 25. Rf5 fxe5 26. Rxe5 Qf7 27. Rxe8 Rxe8 0-1

[Event "Aragon-ch Seniors 65+"]
[Site "Zaragoza"]
[Date "2018.04.28"]
[Round "2"]
[White "Marin Fuertes, Angel Maria"]
[Black "Cervera Soler, Ramon"]
[Result "1-0"]
[WhiteElo "1692"]
[BlackElo "1448"]
[PlyCount "71"]
[EventDate "2018.04.21"]
[EventType "swiss"]
[EventRounds "8"]
[EventCountry "ESP"]
[SourceTitle "EXT 2020"]
[Source "ChessBase"]
[SourceDate "2019.10.17"]
[SourceVersion "1"]
[SourceVersionDate "2019.10.17"]
[SourceQuality "1"]

1. e4 e6 2. d4 d5 3. Nc3 Bb4 4. e5 c5 5. a3 Bxc3+ 6. bxc3 Nd7 7. Nf3 Ne7 8. Be2 0-0 9. 0-0 c4 10. Bg5 Qe8 11. Qd2 Nf5 12. g4 h6 13. gxf5 hxg5 14. Qxg5 exf5 15. Kh1 f6 16. exf6 Nxf6 17. Rg1 Rf7 18. Ne5 Ne4 19. Qh4 Qe7 20. Qh5 Nxf2+ 21. Kg2 Ng4 22. Bxg4 fxg4 23. Rae1 Bf5 24. Qxf7+ Qxf7 25. Nxf7 Be4+ 26. Rxe4 dxe4 27. Nd6 e3 28. Re1 Rd8 29. Nxb7 Rb8 30. Nc5 Rb2 31. Re2 Ra2 32. a4 Kf7 33. Kg3 Ra1 34. Kxg4 Rg1+ 35. Kf4 Rf1+ 36. Kxe3 1-0

[Event "Aragon-ch Seniors 65+"]
[Site "Zaragoza"]
[Date "2018.04.21"]
[Round "1"]
[White "Codina Escudero, Juan"]
[Black "Marin Fuertes, Angel Maria"]
[Result "1-0"]
[WhiteElo "1351"]
[BlackElo "1692"]
[PlyCount "63"]
[EventDate "2018.04.21"]
[EventType "swiss"]
[EventRounds "8"]
[EventCountry "ESP"]
[SourceTitle "EXT 2020"]
[Source "ChessBase"]
[SourceDate "2019.10.17"]
[SourceVersion "1"]
[SourceVersionDate "2019.10.17"]
[SourceQuality "1"]

1. d4 Nf6 2. c4 e6 3. Nc3 Bb4 4. Bd2 0-0 5. a3 Be7 6. h3 b6 7. Nf3 Bb7 8. e3 d6 9. Bd3 c5 10. dxc5 dxc5 11. Be2 Nc6 12. 0-0 a6 13. Qc2 Qc7 14. Rfd1 Rfd8 15. Be1 Ne5 16. Nxe5 Qxe5 17. Rd2 Bd6 18. g3 Be7 19. Rad1 Qc7 20. Rxd8+ Rxd8 21. Rxd8+ Qxd8 22. Qd1 Qc7 23. Bf3 g6 24. Bxb7 Qxb7 25. Qb3 Nd7 26. Ne2 Bf6 27. Bc3 Bd8 28. Nf4 Bc7 29. Nd3 Qe4 30. Ne1 h5 31. Qa4 Nb8 32. Qe8+ 1-0

[Event "Aragon-ch Seniors-B"]
[Site "Zaragoza"]
[Date "2017.06.03"]
[Round "7"]
[White "Martinez Crespo, Juan"]
[Black "Marin Fuertes, Angel Maria"]
[Result "1-0"]
[WhiteElo "1707"]
[BlackElo "1747"]
[PlyCount "107"]
[EventDate "2017.04.22"]
[EventType "swiss"]
[EventRounds "8"]
[EventCountry "ESP"]
[SourceTitle "EXT 2019"]
[Source "ChessBase"]
[SourceDate "2018.10.10"]
[SourceVersion "1"]
[SourceVersionDate "2018.10.10"]
[SourceQuality "1"]

1. e4 d5 2. exd5 Nf6 3. d4 Nxd5 4. Nf3 Bg4 5. Be2 e6 6. 0-0 Be7 7. c4 Nf6 8. Nc3 0-0 9. h3 Bh5 10. Be3 Nbd7 11. Qd2 c6 12. Rfd1 Qc7 13. Rac1 Bb4 14. Bf4 Bd6 15. Bxd6 Qxd6 16. Qe3 Rfe8 17. Ne5 Bxe2 18. Qxe2 Qe7 19. Rd3 Rad8 20. Rcd1 Nxe5 21. dxe5 Rxd3 22. Qxd3 Nh5 23. Qd7 g6 24. Ne4 Qxd7 25. Rxd7 Rb8 26. Nd6 b5 27. Rxa7 bxc4 28. Nxc4 Rb5 29. Ra5 Rb7 30. Rc5 Rc7 31. Na5 Nf4 32. Rxc6 Ra7 33. b4 Nd3 34. a3 Nxe5 35. Rc3 Kg7 36. f4 Nd7 37. Kf2 Nb6 38. Ke2 Nd5 39. Rc5 Nxf4+ 40. Kf3 Nd3 41. Rc3 Ne5+ 42. Ke4 Nd7 43. Nc6 Rc7 44. Kd3 Nb6 45. Ne5 Rb7 46. Kc2 f6 47. Nd3 e5 48. Rc6 Nd5 49. Nc5 Ra7 50. Kb3 Kf7 51. b5 Rc7 52. Rxc7+ Nxc7 53. b6 Nd5 54. b7 1-0

[Event "Aragon-ch Seniors"]
[Site "Zaragoza"]
[Date "2015.04.25"]
[Round "2"]
[White "Lera Perez, Jose Carlos"]
[Black "Marin Fuertes, Angel Maria"]
[Result "0-1"]
[WhiteElo "1624"]
[BlackElo "1838"]
[PlyCount "68"]
[EventDate "2015.04.18"]
[EventType "swiss"]
[EventRounds "8"]
[EventCountry "ESP"]
[SourceTitle "EXT 2017"]
[Source "ChessBase"]
[SourceDate "2016.10.25"]
[SourceVersion "1"]
[SourceVersionDate "2016.10.25"]
[SourceQuality "1"]

1. d4 Nf6 2. c4 e6 3. a3 Be7 4. Nf3 0-0 5. Nc3 d5 6. e3 a6 7. Bd3 Nbd7 8. 0-0 dxc4 9. Bxc4 b5 10. Be2 Bb7 11. Bd2 c5 12. Rc1 cxd4 13. Nxd4 Qb6 14. Nf3 Rac8 15. Rc2 Rfd8 16. Qb1 Nc5 17. Rfc1 Nfe4 18. Qa1 Nb3 19. Qb1 Nexd2 20. Nxd2 Rxd2 21. Rxd2 Nxd2 22. Qc2 Nc4 23. Rd1 Nd6 24. Qb3 Qc7 25. h3 g6 26. Rc1 Bf6 27. Na2 Qb8 28. Nc3 Bxc3 29. bxc3 Bd5 30. Qd1 Rc5 31. Qd4 Qc7 32. Qb4 Ne4 33. Kh1 Rxc3 34. Rxc3 Qxc3 0-1

[Event "Zaragoza op"]
[Site "Zaragoza"]
[Date "2011.08.27"]
[Round "1"]
[White "Garza Marco, Sergio"]
[Black "Marin Fuertes, Angel Maria"]
[Result "1-0"]
[WhiteElo "2403"]
[BlackElo "1826"]
[PlyCount "63"]
[EventDate "2011.08.27"]
[EventType "swiss"]
[EventRounds "9"]
[EventCountry "ESP"]
[SourceTitle "CBM 144 Extra"]
[Source "ChessBase"]
[SourceDate "2011.10.28"]
[SourceVersion "1"]
[SourceVersionDate "2011.10.28"]
[SourceQuality "1"]

1. d4 d5 2. c4 c6 3. Nf3 Nf6 4. Nc3 e6 5. g3 Nbd7 6. Bg2 Bb4 7. 0-0 0-0 8. Qb3 Bd6 9. Rd1 dxc4 10. Qxc4 Nb6 11. Qd3 Qc7 12. Bg5 Nfd7 13. Rac1 f6 14. Nb5 Qb8 15. Nxd6 Qxd6 16. Bf4 Qe7 17. Qb3 Nd5 18. Bd2 a5 19. e4 Nc7 20. Bf4 a4 21. Qc4 Nb6 22. Qc5 Qxc5 23. dxc5 Ncd5 24. exd5 Nxd5 25. Bd6 Re8 26. Nd4 e5 27. Bxd5+ cxd5 28. Nb5 Ra5 29. Nc7 Rd8 30. Nxd5 Bg4 31. Bc7 Bxd1 32. Bxd8 1-0